000 00949nam a2200217Ii 4500
003 JO-AjNU
008 230605s9999||||xx |||||||||||||| ||und||
020 _a2-7451-3960.6
040 _aJO-AjNU
_bara
_erda
_cJO-AjNU
041 _aara
050 1 4 _aK52.A28.2007
100 3 _aAbou Sleiman, Rami,Shami, Vivianne, Farhat, Fadi A,
_eauthor
_911658
245 0 0 _a Francais - Anglais - Arabe : French - English - Arabic : فرنسي - إنكليزي - عربي Dictionnaire Juridique : Juridic Dictionary= المعجم القانوني
250 _aط1
264 3 1 _aبيروت: دار الكتب العالمية، 2007
300 _a657ص
336 _atext
_btxt
_2rdacontent
337 _aunmediated
_bn
_2rdamedia
338 _avolume
_bnc
_2rdacarrier
650 4 _aLaw -- Dictionaries -- Polyglot-- French language -- Dictionaries -- Arabic-- Law -- Dictionaries -- Arabic-- Arabic language -- Dictionaries -- English-- Law English
_911659
999 _aA2438
_c6006
_d6006